| 000 | 01122cam a22002894a 4500 | ||
|---|---|---|---|
| 001 | 13892468 | ||
| 005 | 20241217133100.0 | ||
| 008 | 050308s2006 caua b 001 0 eng | ||
| 020 | _a0534622089 | ||
| 050 | 0 | 0 |
_aQP141 _b.W458 2006 |
| 082 | 0 | 0 |
_a613.2 _223 |
| 100 | 1 | _aRolfes, Sharon Rady. | |
| 245 | 1 | 0 |
_aUnderstanding normal and clinical nutrition / _cSharon Rady Rolfes, Kathryn Pinna, Eleanor Noss Whitney. |
| 250 | _a7th ed. | ||
| 260 |
_aBelmont, CA : _bThomson/Wadsworth, _cc2006. |
||
| 300 |
_axxvi, 903 p. : _bill. ; _c29 cm. |
||
| 500 | _aIn the previous ed. Ellie Whitney name appeared first on t.p. | ||
| 650 | 0 | _aNutrition. | |
| 650 | 0 | _aDiet therapy. | |
| 650 | 0 | _aDietetics. | |
| 700 | 1 | _aWhitney, Eleanor Noss. | |
| 700 | 1 | _aPinna, Kathryn | |
| 856 | 4 | 2 |
_3Contributor biographical information _uhttp://www.loc.gov/catdir/enhancements/fy1514/2005923766-b.html |
| 856 | 4 | 2 |
_3Publisher description _uhttp://www.loc.gov/catdir/enhancements/fy1514/2005923766-d.html |
| 856 | 4 | 1 |
_3Table of contents only _uhttp://www.loc.gov/catdir/enhancements/fy1514/2005923766-t.html |
| 942 |
_2lcc _cBK _e7th ed. _n0 |
||
| 999 |
_c2404 _d2404 |
||